000 00546nam a2200217 a 4500
001 0001-2205
003 ELIB.Books
008 190803 2010 eng
020 _a13: 9780446578417
092 _a306.09
_bKas
100 _aKasich, John.
245 _aStand for Something
260 _aNew York
_bWarner Books
_c2006
300 _a244
_c23.5cm
650 _aSocial Action
856 _nKBTS Library
_uKBTS Elib
942 _2ddc
_cBK
990 _a1
998 _aEnglishbooks.elf
_ccat
_e2019-08-03
999 _c12205
_d12205